000 00227nam a2200097Ia 4500
001 649530
005 20250826153743.0
008 250824s9999 xx 000 0 und d
245 0 _aOLDUĞUN YERDE KAL
_cJOHN BOYNE
260 _bTUDEM
999 _c649530
_d649530